000 00309nam a22001337a 4500
008 170331b xxu||||| |||| 00| 0 eng d
020 _a081478786X
041 _aeng
080 _a616-053.2
100 _a8
101 _aSHM
245 _aMANUFACTURING BABIES AND PUBLIC CONSENT
_cDYCK, J.V
942 _2udc
_cBK
999 _c9252
_d9252